Southville International School and Colleges
Your cart is empty.
  • Cart
  • Lists
    Public lists Eva Luna New books Lux_list list_1
    Your lists Log in to create your own lists
  • Log in to your account
  • Your cookies
  • Search history
Southville International School and Colleges
  • Advanced search
  • Recent comments
  • Most popular
  • Libraries

Log in to your account

Log in with GOOGLE


If you do not have an external account, but do have a local account, you can still log in:

  1. Home
  2. MARC view: The use of Aspergillus niger as a potential agent for removing oil in lake water /
Normal view MARC view ISBD view

The use of Aspergillus niger as a potential agent for removing oil in lake water / (Record no. 99017)

[ view plain ]
MARC details
000 -LEADER
fixed length control field 01004nam a2200253 a 4500
003 - CONTROL NUMBER IDENTIFIER
control field 0
005 - DATE AND TIME OF LATEST TRANSACTION
control field 20250205154107.0
008 - FIXED-LENGTH DATA ELEMENTS--GENERAL INFORMATION
fixed length control field 130829s19uu xx 00 eng d
050 ## - LIBRARY OF CONGRESS CALL NUMBER
Classification number PGS QR 97.5
Item number .P213 2013
100 ## - MAIN ENTRY--PERSONAL NAME
Personal name Papa, Christian Joseph R.
245 ## - TITLE STATEMENT
Title The use of Aspergillus niger as a potential agent for removing oil in lake water /
Statement of responsibility, etc Christian Joseph R. Papa.
260 ## - PUBLICATION, DISTRIBUTION, ETC. (IMPRINT)
Place of publication, distribution, etc Las Piñas City, Philippines :
Name of publisher, distributor, etc Southville International School and Colleges,
Date of publication, distribution, etc 2013.
300 ## - PHYSICAL DESCRIPTION
Extent 67 p. :
Other physical details ill. ;
Dimensions 28 cm.
504 ## - BIBLIOGRAPHY, ETC. NOTE
Bibliography, etc Includes bibliographical references.
650 ## - SUBJECT ADDED ENTRY--TOPICAL TERM
Topical term or geographic name as entry element Oil pollution of water
Form subdivision Bioremediation.
650 ## - SUBJECT ADDED ENTRY--TOPICAL TERM
Topical term or geographic name as entry element Water
Form subdivision Purification—Biological treatment.
650 ## - SUBJECT ADDED ENTRY--TOPICAL TERM
Topical term or geographic name as entry element Biodegradation
Form subdivision Petroleum pollutants.
650 ## - SUBJECT ADDED ENTRY--TOPICAL TERM
Topical term or geographic name as entry element Aspergillus niger
Form subdivision Environmental aspects.
650 ## - SUBJECT ADDED ENTRY--TOPICAL TERM
Topical term or geographic name as entry element Microbial degradation
Form subdivision Oil spills.
650 ## - SUBJECT ADDED ENTRY--TOPICAL TERM
Topical term or geographic name as entry element Lakes
Form subdivision Pollution—Remediation.
650 ## - SUBJECT ADDED ENTRY--TOPICAL TERM
Topical term or geographic name as entry element Environmental microbiology
Form subdivision Bioremediation.
650 ## - SUBJECT ADDED ENTRY--TOPICAL TERM
Topical term or geographic name as entry element Oil spills
Form subdivision Cleanup.
942 ## - ADDED ENTRY ELEMENTS (KOHA)
Source of classification or shelving scheme Library of Congress Classification
Koha item type PASS
Holdings
Withdrawn status Lost status Source of classification or shelving scheme Damaged status Home library Current library Shelving location Date acquired Source of acquisition Total Checkouts Full call number Barcode Date last seen Price effective from Koha item type
    Library of Congress Classification   Luxembourg Library Luxembourg Library Portfolio Assessment of SISC Students Section 08/29/2013 Donation   PGS QR 97.5 .P213 2013 P3118 04/08/2014 04/08/2014 PASS

The use of Aspergillus niger as a potential agent for removing oil in lake water /

APA

Papa C. J. R., . (2013). The use of Aspergillus niger as a potential agent for removing oil in lake water. Las Piñas City, Philippines: Southville International School and Colleges.

Chicago

Papa Christian Joseph R, . 2013. The use of Aspergillus niger as a potential agent for removing oil in lake water. Las Piñas City, Philippines: Southville International School and Colleges.

Harvard

Papa C. J. R., . (2013). The use of Aspergillus niger as a potential agent for removing oil in lake water. Las Piñas City, Philippines: Southville International School and Colleges.

MLA

Papa Christian Joseph R, . The use of Aspergillus niger as a potential agent for removing oil in lake water. Las Piñas City, Philippines: Southville International School and Colleges. 2013.

  • Print
  • Cite
  • Add to your cart (remove)
  • Save record
    BIBTEX Dublin Core MARCXML MARC (non-Unicode/MARC-8) MARC (Unicode/UTF-8) MARC (Unicode/UTF-8, Standard) MODS (XML) RIS
  • More searches
    Search for this title in:
    Other Libraries (WorldCat) Other Databases (Google Scholar) Online Stores (Bookfinder.com) Open Library (openlibrary.org)

Exporting to Dublin Core...

SOUTHVILLE LIBRARY

Southville International School and Colleges Library

1281 Tropical Ave. Cor. Luxembourg St., BF Homes International, Las Pinas City

Tel. No. 8256374 / 252358 Loc. 117/146

Powered by Koha